000 00585nam a2200193 i 4500
001 68040
003 ES-MaACL
005 20230906170207.0
007 t|
008 040217s1972 sp ||||1| spa d
100 1 _aGamir, Luis.
_953796
245 1 0 _aPolítica económica de España /
_cplaneado y coordinado por Luis Gamir.
260 _a[Madrid] :
_bGuadiana,
_c[1972]
300 _a354 p. ;
_c24 cm.
490 1 _aBiblioteca universitaria de economía
830 0 _aBiblioteca universitaria de economía
_9176867
852 _aES-MaACL
_jC-44993
_bR.83937
999 _c68040
_d68040